Challenges and trends in management for Ibero /

Bibliographic Details
Other Authors: Dos, Manuel Alonso, (Editor), Llanos Contreras, Orlando, (Editor), Jara-Bertin, Mauricio, (Editor)
Format: eBook
Language:English
Published: [Place of publication not identified] : Emerald Publishing, 2019.
Series:Academia Revista Latinoamericana de Administracian ; Volume 32, Number 4
Subjects:
Online Access:Click to View
LEADER 01542nam a2200373 i 4500
001 EBC6033993
003 MiAaPQ
005 20200312091214.0
006 m o d |
007 cr cnu||||||||
008 200312s2019 xx o 000 0 eng d
020 |a 9781839824159 (e-book) 
035 |a (MiAaPQ)EBC6033993 
035 |a (Au-PeEL)EBL6033993 
035 |a (OCoLC)1139906555 
040 |a MiAaPQ  |b eng  |e rda  |e pn  |c MiAaPQ  |d MiAaPQ 
050 4 |a HD2741  |b .C435 2019 
082 0 |a 658.4  |2 23 
245 0 0 |a Challenges and trends in management for Ibero /  |c guest editors, Manuel Alonso Dos Santos, Orlando Llanos-Contreras and Mauricio Jara-Bertin. 
264 1 |a [Place of publication not identified] :  |b Emerald Publishing,  |c 2019. 
300 |a 1 online resource (144 pages). 
336 |a text  |b txt  |2 rdacontent 
337 |a computer  |b c  |2 rdamedia 
338 |a online resource  |b cr  |2 rdacarrier 
490 0 |a Academia Revista Latinoamericana de Administracian ;  |v Volume 32, Number 4 
588 |a Description based on print version record. 
590 |a Electronic reproduction. Ann Arbor, MI : ProQuest, 2018. Available via World Wide Web. Access may be limited to ProQuest affiliated libraries. 
650 0 |a Corporate governance. 
655 4 |a Electronic books. 
700 1 |a Dos, Manuel Alonso,  |e editor. 
700 1 |a Llanos Contreras, Orlando,  |e editor. 
700 1 |a Jara-Bertin, Mauricio,  |e editor. 
797 2 |a ProQuest (Firm) 
856 4 0 |u https://ebookcentral.proquest.com/lib/matrademy/detail.action?docID=6033993  |z Click to View